[Event "Taubate op 3rd"]
[Site "Taubate"]
[Date "2022.12.04"]
[Round "6"]
[White "Rodolpho Filho, Joao"]
[Black "Pinho, Pedro Sicchiroli"]
[Result "1/2-1/2"]
[WhiteElo "1301"]
[BlackElo "1378"]
[PlyCount "80"]
[EventDate "2022.12.01"]
[EventType "swiss"]
[EventRounds "6"]
[EventCountry "BRA"]
[SourceTitle "CBM 211 Extra"]
[Source "ChessBase"]
[SourceDate "2023.01.31"]
[SourceVersion "1"]
[SourceVersionDate "2023.01.31"]
[SourceQuality "1"]

1. e4 c6 2. d4 d5 3. exd5 cxd5 4. Nf3 Nc6 5. Bb5 Nf6 6. Ne5 Bd7 7. Nxc6 bxc6 8. Be2 Bf5 9. Nd2 e6 10. c3 Bd6 11. h3 Qc7 12. Nf3 h6 13. 0-0 0-0 14. b3 c5 15. Bb2 cxd4 16. Nxd4 Bg6 17. Nf3 Rfc8 18. c4 Rab8 19. Bxf6 gxf6 20. cxd5 exd5 21. Qxd5 Qd7 22. Kh1 Rc5 23. Qd2 Rc2 24. Qd1 Rc5 25. Bc4 Rh5 26. h4 Rd8 27. Qd4 Qf5 28. Qxa7 Qg4 29. Rfd1 Rxh4+ 30. Nxh4 Qxh4+ 31. Kg1 Bh2+ 32. Kf1 Rxd1+ 33. Rxd1 Be5 34. Qa8+ Kg7 35. Rd8 Qh1+ 36. Ke2 Bh5+ 37. g4 Bxg4+ 38. f3 Qg2+ 39. Ke3 Qg1+ 40. Ke2 Qg2+ 1/2-1/2

[Event "Sao Jose dos Campos op"]
[Site "Sao Jose dos Campos"]
[Date "2022.09.10"]
[Round "4"]
[White "Rodolpho Filho, Joao"]
[Black "Ferreira, Wagner Maria Gangin"]
[Result "1-0"]
[WhiteElo "1311"]
[BlackElo "1177"]
[PlyCount "37"]
[EventDate "2022.09.08"]
[EventType "swiss"]
[EventRounds "7"]
[EventCountry "BRA"]
[SourceTitle "CBM 210 Extra"]
[Source "ChessBase"]
[SourceDate "2022.11.30"]
[SourceVersion "1"]
[SourceVersionDate "2022.11.30"]
[SourceQuality "1"]

1. e4 c5 2. Nf3 Nc6 3. d4 cxd4 4. Nxd4 Nf6 5. Nc3 e5 6. Nxc6 bxc6 7. Bg5 Be7 8. Bd3 Rb8 9. Rb1 Qa5 10. a3 Rxb2 11. Bd2 Bxa3 12. 0-0 0-0 13. Nd5 Rxb1 14. Nxf6+ gxf6 15. Qg4+ Kh8 16. Bxa5 d5 17. Qf3 Rxf1+ 18. Kxf1 Be7 19. exd5 1-0

[Event "Sao Jose dos Campos op"]
[Site "Sao Jose dos Campos"]
[Date "2022.09.09"]
[Round "3"]
[White "Barros, Jardel Teti"]
[Black "Rodolpho Filho, Joao"]
[Result "1-0"]
[WhiteElo "1465"]
[BlackElo "1311"]
[PlyCount "95"]
[EventDate "2022.09.08"]
[EventType "swiss"]
[EventRounds "7"]
[EventCountry "BRA"]
[SourceTitle "CBM 210 Extra"]
[Source "ChessBase"]
[SourceDate "2022.11.30"]
[SourceVersion "1"]
[SourceVersionDate "2022.11.30"]
[SourceQuality "1"]

1. e4 e5 2. Nf3 Nc6 3. d4 exd4 4. Nxd4 Nxd4 5. Qxd4 d6 6. Nc3 Be6 7. Bf4 Qf6 8. Be3 Be7 9. 0-0-0 Qxd4 10. Bxd4 Nf6 11. f3 a6 12. e5 dxe5 13. Bxe5 c6 14. Kb1 0-0 15. Be2 Rfd8 16. g4 Rxd1+ 17. Rxd1 Rd8 18. g5 Rxd1+ 19. Bxd1 Nd5 20. Nxd5 Bxd5 21. f4 f6 22. gxf6 gxf6 23. Bc7 Be4 24. Be2 b5 25. a4 Kf7 26. axb5 axb5 27. Kc1 Ke6 28. c4 bxc4 29. Bxc4+ Bd5 30. Bd3 f5 31. Ba6 Kd7 32. Be5 h5 33. Kd2 h4 34. Ke3 Bc5+ 35. Bd4 Bxd4+ 36. Kxd4 Kd6 37. b4 Bg2 38. Bc4 h3 39. Bd3 Ke6 40. Kc5 Kf6 41. Kd6 Be4 42. Ba6 Kg6 43. Kc5 Kh5 44. Be2+ Kg6 45. Bf1 Bg2 46. Bd3 Kf7 47. Bxf5 Ke7 48. Bd3 1-0

[Event "Sao Jose dos Campos op"]
[Site "Sao Jose dos Campos"]
[Date "2022.09.08"]
[Round "1"]
[White "Jenidarchiche, Douglas Rodrigo"]
[Black "Rodolpho Filho, Joao"]
[Result "1-0"]
[WhiteElo "1826"]
[BlackElo "1311"]
[PlyCount "43"]
[EventDate "2022.09.08"]
[EventType "swiss"]
[EventRounds "7"]
[EventCountry "BRA"]
[SourceTitle "CBM 210 Extra"]
[Source "ChessBase"]
[SourceDate "2022.11.30"]
[SourceVersion "1"]
[SourceVersionDate "2022.11.30"]
[SourceQuality "1"]

1. d4 Nf6 2. c4 e6 3. Nf3 d5 4. Nc3 c5 5. cxd5 exd5 6. g3 Be7 7. Bg2 0-0 8. 0-0 c4 9. Ne5 Be6 10. b3 a6 11. bxc4 b5 12. cxb5 axb5 13. Nxb5 Qb6 14. a4 Ra6 15. Ba3 Bxa3 16. Rxa3 Nbd7 17. Nd3 Rfa8 18. Nf4 Ne8 19. Nxd5 Bxd5 20. Bxd5 Rc8 21. Qb3 Qf6 22. Bb7 1-0

[Event "Mombaca op 6th"]
[Site "Mombaca"]
[Date "2022.08.19"]
[Round "1"]
[White "Rodolpho Filho, Joao"]
[Black "Ikejiri, Daniel Yoshito"]
[Result "0-1"]
[WhiteElo "1328"]
[BlackElo "1934"]
[PlyCount "60"]
[EventDate "2022.08.19"]
[EventType "swiss"]
[EventRounds "6"]
[EventCountry "BRA"]
[SourceTitle "CBM 210 Extra"]
[Source "ChessBase"]
[SourceDate "2022.11.30"]
[SourceVersion "1"]
[SourceVersionDate "2022.11.30"]
[SourceQuality "1"]

1. e4 c5 2. Nf3 Nc6 3. d4 cxd4 4. Nxd4 g6 5. c3 Bg7 6. Bb5 Nf6 7. Nd2 0-0 8. 0-0 a6 9. Ba4 b5 10. Bc2 Bb7 11. Re1 d6 12. N2f3 Qc7 13. Nxc6 Bxc6 14. Bf4 Rad8 15. Qe2 e5 16. Bg5 Rde8 17. Bxf6 Bxf6 18. Bd3 d5 19. Qd2 Rd8 20. Qh6 Bg7 21. Qh3 Rfe8 22. Ng5 h6 23. Nf3 Qb7 24. Nd2 Qd7 25. Rad1 Qxh3 26. gxh3 f5 27. f3 dxe4 28. Be2 e3 29. Nf1 f4 30. h4 Bf6 0-1

[Event "Sao Jose dos Campos IRT op"]
[Site "Sao Jose dos Campos"]
[Date "2020.12.19"]
[Round "3"]
[White "Fernandes, Beatriz"]
[Black "Rodolpho Filho, Joao"]
[Result "1-0"]
[WhiteElo "1154"]
[BlackElo "1363"]
[PlyCount "111"]
[EventDate "2020.12.18"]
[EventType "swiss"]
[EventRounds "5"]
[EventCountry "BRA"]
[SourceTitle "EXT 2022"]
[Source "ChessBase"]
[SourceDate "2021.10.06"]
[SourceVersion "1"]
[SourceVersionDate "2021.10.06"]
[SourceQuality "1"]

1. e4 e5 2. Nf3 Nc6 3. d4 exd4 4. Bc4 Be7 5. c3 d6 6. h3 Bd7 7. cxd4 a6 8. a4 b5 9. Bd5 Rb8 10. Bf4 Nf6 11. 0-0 Nxd5 12. exd5 Nb4 13. Nc3 c6 14. axb5 Nxd5 15. Nxd5 cxd5 16. bxa6 Ra8 17. Re1 0-0 18. Qd2 Bb5 19. a7 Re8 20. Qa5 Qd7 21. Qb6 Bc6 22. b4 Bb7 23. Rec1 Rec8 24. Rxc8+ Bxc8 25. b5 Qb7 26. Qxb7 Bxb7 27. b6 Bd8 28. Rb1 Kf8 29. Bxd6+ Ke8 30. Bc7 f6 31. Kh2 Kd7 32. Bxd8 Kxd8 33. Kg3 Kd7 34. Ne1 Kc6 35. Nd3 g5 36. Nc5 Re8 37. Kg4 Re2 38. Nxb7 Kxb7 39. Ra1 Re8 40. Kf5 Ra8 41. Rb1 Rf8 42. Ke6 h5 43. Ra1 f5 44. Kxd5 g4 45. Ke6 f4 46. f3 Ra8 47. Rb1 Re8+ 48. Kd7 Rg8 49. d5 g3 50. Ra1 h4 51. a8Q+ Rxa8 52. Rxa8 Kxa8 53. Ke7 Kb8 54. d6 Kc8 55. d7+ Kb7 56. d8Q 1-0

[Event "Sao Paulo Montenegro U1600 3rd"]
[Site "Sao Paulo"]
[Date "2020.01.25"]
[Round "3"]
[White "Rodolpho Filho, Joao"]
[Black "Gomes, Joao Paulo Santos"]
[Result "0-1"]
[WhiteElo "1392"]
[BlackElo "1521"]
[PlyCount "40"]
[EventDate "2020.01.25"]
[EventType "tourn"]
[EventRounds "9"]
[EventCountry "BRA"]
[SourceTitle "CBM 194 Extra"]
[Source "ChessBase"]
[SourceDate "2020.03.31"]
[SourceVersion "1"]
[SourceVersionDate "2020.03.31"]
[SourceQuality "1"]

1. d4 Nf6 2. c4 g6 3. Nc3 Bg7 4. Nf3 0-0 5. e4 d6 6. Be2 e5 7. d5 a5 8. a4 Na6 9. b3 Nc5 10. Qc2 Nfxe4 11. Nxe4 Nxe4 12. Be3 Nf6 13. Rb1 Bf5 14. Bd3 e4 15. Ne5 exd3 16. Nxd3 Ng4 17. Qd2 Nxe3 18. fxe3 Qh4+ 19. g3 Qe4 20. Rf1 Qxd3 0-1

[Event "Sao Paulo Montenegro U1600 3rd"]
[Site "Sao Paulo"]
[Date "2020.01.25"]
[Round "5"]
[White "Rodolpho Filho, Joao"]
[Black "Miranda, Leticia Nunes"]
[Result "1-0"]
[WhiteElo "1392"]
[BlackElo "1800"]
[PlyCount "65"]
[EventDate "2020.01.25"]
[EventType "tourn"]
[EventRounds "9"]
[EventCountry "BRA"]
[SourceTitle "CBM 194 Extra"]
[Source "ChessBase"]
[SourceDate "2020.03.31"]
[SourceVersion "1"]
[SourceVersionDate "2020.03.31"]
[SourceQuality "1"]

1. d4 d5 2. c4 Nf6 3. cxd5 Nxd5 4. e4 Nf6 5. Nc3 Nc6 6. Bb5 Bd7 7. Nf3 e6 8. a3 a6 9. Ba4 b5 10. Bb3 Bd6 11. e5 Bxe5 12. dxe5 Nxe5 13. Nxe5 Bc6 14. Qxd8+ Rxd8 15. Nxc6 Rd6 16. Ne5 0-0 17. 0-0 a5 18. Bf4 Nh5 19. Nxf7 Rd4 20. Be5 Rh4 21. Bxe6 Rxf7 22. Bxf7+ Kxf7 23. Bxc7 Nf6 24. Bxa5 Ng4 25. Bc7 g5 26. Rad1 Kf6 27. Rfe1 Nh6 28. Rd6+ Kf7 29. Nd5 Nf5 30. Rd7+ Kg6 31. Re6+ Kh5 32. Rxh7+ Kg4 33. f3# 1-0

[Event "Jacarei op 2nd"]
[Site "Jacarei"]
[Date "2019.07.28"]
[Round "5"]
[White "Rodolpho Filho, Joao"]
[Black "Marques Valio, Julio Gentil"]
[Result "1-0"]
[WhiteElo "1419"]
[BlackElo "1816"]
[PlyCount "63"]
[EventDate "2019.07.26"]
[EventType "swiss"]
[EventRounds "6"]
[EventCountry "BRA"]
[SourceTitle "CBM 191 Extra"]
[Source "ChessBase"]
[SourceDate "2019.09.30"]
[SourceVersion "1"]
[SourceVersionDate "2019.09.30"]
[SourceQuality "1"]

1. d4 Nf6 2. c4 g6 3. Nf3 Bg7 4. Nc3 d6 5. e3 Nbd7 6. b3 0-0 7. Be2 c5 8. Bb2 b6 9. 0-0 Bb7 10. d5 Qc7 11. Rb1 Rad8 12. Qc2 e6 13. e4 a6 14. a4 e5 15. h3 a5 16. Nh2 Nh5 17. Bxh5 gxh5 18. Nf3 Nf6 19. Bc1 Qe7 20. Bg5 Bc8 21. Bh4 Bh6 22. Ne2 Kh8 23. Ng3 Rg8 24. Nxh5 Rg6 25. Nxf6 Rxf6 26. Qe2 Rg8 27. Kh1 Bg5 28. Bxg5 Rxg5 29. Nxg5 Rh6 30. Qe3 Rh5 31. f4 h6 32. Qf3 1-0

[Event "Pindamonhangaba op 1st"]
[Site "Pindamonhangaba"]
[Date "2019.04.07"]
[Round "5"]
[White "Fernandes, Beatriz Ferreira111"]
[Black "Rodolpho Filho, Joao"]
[Result "1/2-1/2"]
[WhiteElo "1800"]
[BlackElo "1418"]
[PlyCount "58"]
[EventDate "2019.04.06"]
[EventType "swiss"]
[EventRounds "5"]
[EventCountry "BRA"]
[SourceTitle "CBM 190 Extra"]
[Source "ChessBase"]
[SourceDate "2019.07.15"]
[SourceVersion "1"]
[SourceVersionDate "2019.07.15"]
[SourceQuality "1"]

1. e4 c5 2. Nf3 d6 3. d4 cxd4 4. Nxd4 Nf6 5. Nc3 a6 6. Bc4 e6 7. 0-0 Be7 8. h3 b5 9. Bd3 e5 10. Nf5 Bxf5 11. exf5 Nbd7 12. Re1 0-0 13. Qf3 Nc5 14. Qg3 Re8 15. Bh6 Bf8 16. Ne4 Nfxe4 17. Bxe4 Nxe4 18. Rxe4 Qf6 19. Be3 Qxf5 20. Rg4 Qxc2 21. Bh6 g6 22. Bxf8 Rxf8 23. b3 Qb2 24. Re1 Qxa2 25. Rh4 Qd2 26. Re3 Rac8 27. f4 Rc1+ 28. Kh2 Qd1 29. Re1 Qxe1 1/2-1/2

[Event "Manaus Amazonia-ch"]
[Site "Manaus"]
[Date "2017.04.16"]
[Round "6"]
[White "Chagas, Samuel Davi S De L"]
[Black "Rodolpho Filho, Joao"]
[Result "1/2-1/2"]
[WhiteElo "1817"]
[BlackElo "1411"]
[PlyCount "40"]
[EventDate "2017.04.13"]
[EventType "swiss"]
[EventRounds "7"]
[EventCountry "BRA"]
[SourceTitle "CBM 177 Extra"]
[Source "ChessBase"]
[SourceDate "2017.04.27"]
[SourceVersion "1"]
[SourceVersionDate "2017.04.27"]
[SourceQuality "1"]

1. e4 c5 2. Nf3 d6 3. Nc3 e6 4. Bc4 a6 5. a3 Be7 6. 0-0 b5 7. Ba2 Bb7 8. d3 Nd7 9. Bd2 Ngf6 10. Re1 0-0 11. d4 cxd4 12. Nxd4 Rc8 13. Nf3 Re8 14. Bf4 Nf8 15. e5 d5 16. exf6 Bxf6 17. Be5 Ng6 18. Bxf6 Qxf6 19. Qe2 h6 20. Ne5 d4 1/2-1/2

[Event "Manaus Amazonia-ch"]
[Site "Manaus"]
[Date "2017.04.13"]
[Round "1"]
[White "Rodolpho Filho, Joao"]
[Black "Mousse Neto, Sebastiao Alberto"]
[Result "0-1"]
[WhiteElo "1411"]
[BlackElo "2113"]
[PlyCount "50"]
[EventDate "2017.04.13"]
[EventType "swiss"]
[EventRounds "7"]
[EventCountry "BRA"]
[SourceTitle "CBM 177 Extra"]
[Source "ChessBase"]
[SourceDate "2017.04.27"]
[SourceVersion "1"]
[SourceVersionDate "2017.04.27"]
[SourceQuality "1"]

1. d4 Nf6 2. c4 c5 3. Nf3 cxd4 4. Nxd4 e5 5. Nf3 Nc6 6. Bg5 Bc5 7. e3 Qa5+ 8. Nfd2 Ne4 9. Bh4 g5 10. Bg3 h5 11. h3 Nxg3 12. fxg3 Bxe3 13. Bd3 Bd4 14. Qb3 d6 15. Nc3 Bxc3 16. Qxc3 Qxc3 17. bxc3 f5 18. 0-0 0-0 19. Be2 g4 20. h4 Be6 21. Rab1 b6 22. Nb3 Rac8 23. Rbd1 Rfd8 24. Rd2 Kf7 25. Bd3 Ne7 0-1

[Event "BRA-ch Seniors 50+"]
[Site "Curitiba"]
[Date "2016.12.11"]
[Round "7"]
[White "Carneiro, Paulo Irajara Borba"]
[Black "Rodolpho Filho, Joao"]
[Result "1-0"]
[WhiteElo "1603"]
[BlackElo "1403"]
[PlyCount "35"]
[EventDate "2016.12.08"]
[EventType "swiss"]
[EventRounds "7"]
[EventCountry "BRA"]
[SourceTitle "EXT 2018"]
[Source "ChessBase"]
[SourceDate "2017.10.13"]
[SourceVersion "1"]
[SourceVersionDate "2017.10.13"]
[SourceQuality "1"]

1. e4 c5 2. Nf3 d6 3. d4 cxd4 4. Nxd4 Nf6 5. Nc3 a6 6. Be2 e5 7. Nb3 Be7 8. 0-0 0-0 9. Be3 Be6 10. f4 Bxb3 11. axb3 Nbd7 12. Qd2 Re8 13. Rad1 Nc5 14. Bxc5 dxc5 15. fxe5 Nd7 16. Qd5 Nxe5 17. Qxe5 f6 18. Qd5+ 1-0

[Event "BRA-ch Seniors 50+"]
[Site "Curitiba"]
[Date "2016.12.10"]
[Round "4"]
[White "Rodolpho Filho, Joao"]
[Black "Pereira Fo, Hildebrando Apolon"]
[Result "1/2-1/2"]
[WhiteElo "1403"]
[BlackElo "1751"]
[PlyCount "86"]
[EventDate "2016.12.08"]
[EventType "swiss"]
[EventRounds "7"]
[EventCountry "BRA"]
[SourceTitle "EXT 2018"]
[Source "ChessBase"]
[SourceDate "2017.10.13"]
[SourceVersion "1"]
[SourceVersionDate "2017.10.13"]
[SourceQuality "1"]

1. d4 d5 2. c4 c6 3. Nf3 g6 4. Nc3 Bg7 5. cxd5 cxd5 6. e3 a6 7. b4 Nf6 8. Bb2 0-0 9. Bd3 b5 10. 0-0 Bb7 11. a3 Nbd7 12. Rc1 Nb6 13. Qc2 Nc4 14. Rfe1 Rc8 15. Qb1 e6 16. Re2 Ne4 17. Bxe4 dxe4 18. Nd2 Nd6 19. Ndxe4 Nxe4 20. Nxe4 Qd5 21. f3 Rxc1+ 22. Bxc1 Qc4 23. Qc2 Rc8 24. Nc5 Bd5 25. Qxc4 Bxc4 26. Re1 Rc6 27. Bb2 Bf8 28. Rc1 h5 29. Bc3 f5 30. f4 Bd6 31. h4 Kf7 32. g3 Ke7 33. Kf2 Ke8 34. Ke1 Ke7 35. Kd2 Ke8 36. a4 Bxc5 37. axb5 Bxb5 38. bxc5 Kd7 39. Ba5 Rc8 40. Bb6 Kc6 41. Ke1 Kd5 42. Kf2 Ke4 43. Rc3 Kd5 1/2-1/2

[Event "BRA-ch Seniors 50+"]
[Site "Curitiba"]
[Date "2016.12.09"]
[Round "2"]
[White "Rodolpho Filho, Joao"]
[Black "Camara, Jose Arruda"]
[Result "0-1"]
[WhiteElo "1403"]
[BlackElo "1872"]
[PlyCount "88"]
[EventDate "2016.12.08"]
[EventType "swiss"]
[EventRounds "7"]
[EventCountry "BRA"]
[SourceTitle "EXT 2018"]
[Source "ChessBase"]
[SourceDate "2017.10.13"]
[SourceVersion "1"]
[SourceVersionDate "2017.10.13"]
[SourceQuality "1"]

1. e4 e6 2. d4 d5 3. exd5 exd5 4. Nf3 Nf6 5. Be2 Bd6 6. h3 0-0 7. 0-0 Nbd7 8. Re1 c6 9. c3 Qc7 10. b3 b6 11. Bb2 Bb7 12. Nbd2 Rfe8 13. Qc2 Rac8 14. Bd3 g6 15. Nf1 a6 16. Re2 Rxe2 17. Qxe2 Re8 18. Qc2 Nh5 19. Re1 Rxe1 20. Nxe1 Nf4 21. Bc1 Nf6 22. Ng3 c5 23. Nf3 Nxd3 24. Qxd3 Ne4 25. Bh6 Bf4 26. Bxf4 Qxf4 27. Ne2 Qf6 28. Qe3 Kg7 29. Nd2 Qd6 30. Nxe4 dxe4 31. c4 cxd4 32. Qxd4+ Qxd4 33. Nxd4 Kf6 34. Kf1 Ke5 35. Nc2 f5 36. Ke2 f4 37. g4 a5 38. a4 Bc6 39. Kd2 g5 40. Ke2 Be8 41. f3 exf3+ 42. Kxf3 Bc6+ 43. Kf2 Be4 44. Ne1 Kd4 0-1